[Event "Cafe Baroque International 4th"]
[Site "London"]
[Date "1994.11.21"]
[Round "8"]
[White "McKenna, Jason P"]
[Black "Cummings, David H"]
[Result "1/2-1/2"]
[WhiteElo "2175"]
[BlackElo "2415"]
[PlyCount "117"]
[EventDate "1994.11.18"]
[EventType "tourn"]
[EventRounds "9"]
[EventCountry "ENG"]
[EventCategory "4"]
[SourceTitle "BritBase"]
[Source "John Saunders"]
[SourceDate "2023.06.01"]
[SourceVersion "1"]
[SourceVersionDate "2023.06.01"]
[SourceQuality "1"]

1. e4 c5 2. Nf3 e6 3. d4 cxd4 4. Nxd4 Nc6 5. Nb5 d6 6. c4 Nf6 7. N1c3 a6 8. Na3
b6 9. Be2 Bb7 10. O-O Nb8 11. f3 Nbd7 12. Be3 Be7 13. Qb3 Qc7 14. Rac1 O-O 15.
Rfd1 Rac8 16. Nab1 Rfe8 17. Nd2 Nc5 18. Qc2 d5 19. exd5 exd5 20. Bf2 Bd6 21.
Nf1 dxc4 22. Bxc4 Bf4 23. Bg3 Ncd7 24. Bxf4 Qxf4 25. Ne2 Qg5 26. Qd2 Qxd2 27.
Nxd2 b5 28. Bd3 Ne5 29. Bf5 Rxc1 30. Nxc1 Rd8 31. Bc2 g6 32. Nf1 Rc8 33. Bb3
Nc4 34. Bxc4 Rxc4 35. Ne3 Rc7 36. Nb3 Kf8 37. Kf2 Bc8 38. Rc1 Rxc1 39. Nxc1 Ke7
40. Ke2 Kd6 41. Nd3 Be6 42. a3 a5 43. Kd2 g5 44. Kc3 Nd5+ 45. Nxd5 Kxd5 46. b4
a4 47. Nc1 Ke5 48. Nd3+ Kd5 49. Nc1 h5 50. Ne2 Ke5 51. Nd4 Bc4 52. g3 h4 53.
Nc6+ Kd6 54. Nd4 h3 55. Nf5+ Ke5 56. Ne3 Be2 57. Ng4+ Kd5 58. Ne3+ Ke5 59. Ng4+
1/2-1/2

[Event "Cafe Baroque International 4th"]
[Site "London"]
[Date "1994.11.22"]
[Round "9"]
[White "Cummings, David H"]
[Black "Dive, Russell John"]
[Result "1/2-1/2"]
[WhiteElo "2415"]
[BlackElo "2315"]
[PlyCount "29"]
[EventDate "1994.11.18"]
[EventType "tourn"]
[EventRounds "9"]
[EventCountry "ENG"]
[EventCategory "4"]
[SourceTitle "BritBase"]
[Source "John Saunders"]
[SourceDate "2023.06.01"]
[SourceVersion "1"]
[SourceVersionDate "2023.06.01"]
[SourceQuality "1"]

1. d4 Nf6 2. c4 e6 3. Nc3 Bb4 4. e3 c5 5. Nge2 cxd4 6. exd4 d5 7. c5 Ne4 8. Bd2
Nc6 9. Nxe4 dxe4 10. a3 Bxd2+ 11. Qxd2 O-O 12. Rd1 f5 13. Nc3 Kh8 14. Be2 Qh4
15. g3 1/2-1/2

[Event "Cafe Baroque International 4th"]
[Site "London"]
[Date "1994.11.22"]
[Round "9"]
[White "Holland, Christopher KD"]
[Black "Fatin, Tarek"]
[Result "0-1"]
[WhiteElo "2265"]
[BlackElo "2385"]
[PlyCount "84"]
[EventDate "1994.11.18"]
[EventType "tourn"]
[EventRounds "9"]
[EventCountry "ENG"]
[EventCategory "4"]
[SourceTitle "BritBase"]
[Source "John Saunders"]
[SourceDate "2023.06.01"]
[SourceVersion "1"]
[SourceVersionDate "2023.06.01"]
[SourceQuality "1"]

1. c4 e5 2. Nc3 Nf6 3. Nf3 Nc6 4. g3 Bb4 5. Bg2 O-O 6. O-O Re8 7. Nd5 Bc5 8. e3
e4 9. Ng5 Nxd5 10. Nxe4 Rxe4 11. cxd5 Re8 12. dxc6 bxc6 13. Qc2 Qe7 14. d4 Bb6
15. Bd2 Qe6 16. a4 a5 17. b4 axb4 18. Bxb4 Ba6 19. Rfc1 h5 20. a5 Ba7 21. Bc5
Bxc5 22. Qxc5 Qg6 23. d5 h4 24. Qd4 hxg3 25. hxg3 Qh5 26. Rc5 Re5 27. f4 Rf5
28. e4 d6 29. exf5 dxc5 30. Qxc5 Qe2 31. dxc6 Qd3 32. Qa3 Qd4+ 33. Kh2 Rb8 34.
Re1 Rb2 35. Re8+ Kh7 36. Qf3 g6 37. fxg6+ fxg6 38. f5 Bd3 39. fxg6+ Bxg6 40.
Re7+ Kg8 41. Qf4 Qd5 42. Qf1 Qh5+ 0-1

[Event "Cafe Baroque International 4th"]
[Site "London"]
[Date "1994.11.22"]
[Round "9"]
[White "McDonald, Neil R"]
[Black "Kwiatkowski, Feliks Jerzy"]
[Result "1-0"]
[WhiteElo "2420"]
[BlackElo "2260"]
[PlyCount "137"]
[EventDate "1994.11.18"]
[EventType "tourn"]
[EventRounds "9"]
[EventCountry "ENG"]
[EventCategory "4"]
[SourceTitle "BritBase"]
[Source "John Saunders"]
[SourceDate "2023.06.01"]
[SourceVersion "1"]
[SourceVersionDate "2023.06.01"]
[SourceQuality "1"]

1. e4 e6 2. d4 d5 3. Nc3 Bb4 4. Nge2 dxe4 5. a3 Be7 6. Nxe4 Nf6 7. Qd3 Nc6 8.
Bf4 O-O 9. O-O-O Nd5 10. h4 Nxf4 11. Nxf4 e5 12. dxe5 Qxd3 13. Nxd3 Bf5 14. Re1
Rfe8 15. f4 Rad8 16. Ndf2 Nd4 17. Bd3 h5 18. Kb1 Ne6 19. g3 Nd4 20. c3 Ne6 21.
Nf6+ gxf6 22. Bxf5 Nc5 23. g4 fxe5 24. fxe5 Rd2 25. Ne4 Nxe4 26. Rxe4 Rf2 27.
e6 Rd8 28. Rhe1 fxe6 29. Rxe6 Bxh4 30. Rh1 hxg4 31. Rxh4 Rxf5 32. Rg6+ Kf7 33.
Rgxg4 Ke6 34. Rg7 Rc5 35. Rh6+ Kd5 36. Rg5+ Kc4 37. Rh4+ Kb5 38. Rb4+ Kc6 39.
Rxc5+ Kxc5 40. Rxb7 Kc6 41. Rxa7 Rd2 42. Ra4 Kb5 43. Rb4+ Ka5 44. Ka2 c5 45.
Rb8 Rh2 46. Kb3 Rh4 47. a4 c4+ 48. Ka3 Rh1 49. Rb5+ Ka6 50. Kb4 Rh4 51. Kc5 Rg4
52. Rb4 Ka5 53. Rxc4 Rg2 54. Rb4 Rg3 55. Kc4 Rh3 56. Kb3 Rh2 57. Rb5+ Ka6 58.
c4 Rh3+ 59. Kb4 Rh4 60. Rf5 Rh6 61. a5 Rg6 62. Ka4 Rg4 63. Rf6+ Ka7 64. Kb5 Rg7
65. b4 Rh7 66. c5 Rg7 67. Kc6 Ka6 68. Kd5+ Kb7 69. b5 1-0